1641 1398 1010 1203 1611 1752 1103 1152 1001 1297 1729 1505 1820 1499 1068 1079 1020 1110 1843 1574 1069 1958 1073 1743 1978 1427 1425 1046 1612 1147 1929 1389 1704 1980 1814 1001 1879 1056 1067 1026 1839 1753 1386 1509 1343 1679 1882 1220 1569 1132 1754 1266 1092 1584 1122 1205 1064 1224 1756 1449 1389 1371 1197 1858 1791 1148 1124 1175 1738 1377 1370 1821 1540 1886 1779 1396 1463 1440 1358 1425 1288 1692 1989 1629 1627 1586 1588 1431 1452 1425 1651 1399 1587 1774 1137 1093 1773 1838 1653 BCNSPRNW ULIB Ver.6.0+V

เปลี่ยนเป็นภาษาไทย

Change to English
 แสดงรายละเอียดบรรณานุกรม
  กลับหน้าหลัก

Brief Record : Get Marc (ISO 2709) : E-mail record : QR code < ปิดหน้าต่าง
LEADER : 00000nam 2200000uu 4500
001    13399122202
003     ULIB
008    020711s|||| th a 000 0 tha d
245    บางกะโพ้ง
260     ^bม.ป.ท.,^cม.ป.ป.
945    ^p0^l0^i023163
รายการนี้ยังไม่มีแท็ก
คุณยังไม่ได้ล็อกอิน คุณสามารถมีกิจกรรมร่วมกับเว็บไซต์ได้ แต่ต้องล็อกอินก่อน ::
  ล็อกอิน

รายการสื่อสารสนเทศ

ลำดับที่ ประเภท เลขเรียก/บาร์โค้ด สถานที่ สถานะ
1. นวนิยาย
นวนิยาย
 ฉ.1 
  Barcode: 023163
ห้องสมุดวิทยาเขตสวรรค์ประชารักษ์
►นวนิยาย
บนชั้น
  ขอยืม

BibComment


ยังไม่เคยถูกคอมเมนท์

คอมเมนท์ทรัพยากรรายการนี้
  คอมเมนท์: บางกะโพ้ง


 Copyright 2026. Bcnsprnw @Library